[Event "Titled Tuesday intern op 16th Apr Early"]
[Site "Chess.com INT"]
[Date "2024.04.16"]
[Round "6"]
[White "De Boer, Eelke"]
[Black "Weetik, Vjacheslav"]
[Result "1/2-1/2"]
[WhiteElo "2399"]
[BlackElo "2423"]
[PlyCount "127"]
[EventDate "2024.04.16"]
[EventType "swiss (blitz)"]
[EventRounds "11"]
[EventCountry "USA"]
[SourceTitle "CB17_2024"]
[SourceDate "2024.04.24"]
[SourceVersion "1"]
[SourceVersionDate "2024.04.24"]
[SourceQuality "1"]

1. e4 c6 2. d4 d5 3. e5 c5 4. Nf3 Nc6 5. dxc5 Bg4 6. c3 e6 7. Be3 Qc7 8. Nbd2 Nge7 9. Qa4 Bxf3 10. Nxf3 Ng6 11. Bb5 Be7 12. Bxc6+ bxc6 13. 0-0 0-0 14. Bd4 a5 15. Rfe1 Rfb8 16. Rab1 Nf8 17. Qc2 Nd7 18. b4 axb4 19. cxb4 Ra3 20. Re3 Qa7 21. Rxa3 Qxa3 22. Rb3 Qa4 23. a3 Bxc5 24. Bxc5 Nxc5 25. Rc3 Qxc2 26. Rxc2 Ne4 27. Rxc6 g5 28. Nd4 Ra8 29. Nb5 Nd2 30. h4 h6 31. hxg5 hxg5 32. f3 Nc4 33. Kf2 Nxa3 34. Nxa3 Rxa3 35. b5 Rb3 36. b6 Kg7 37. Rd6 Kg6 38. g4 Kg7 39. Kg3 Kf8 40. Kf2 Ke7 41. Rc6 Kf8 42. Rc8+ Kg7 43. Rc6 d4 44. Rd6 Rb2+ 45. Ke1 Rb3 46. Ke2 Re3+ 47. Kf2 Rxe5 48. Rxd4 Rb5 49. Rd6 Kf6 50. Rc6 Ke5 51. Kg3 Rb3 52. Rc7 Kf6 53. Rc6 Kg6 54. Rd6 Rb2 55. Rc6 Kf6 56. Rd6 Ke7 57. Rc6 Kf8 58. Rc8+ Kg7 59. Rc5 Kg6 60. Rc6 Kf6 61. Rd6 Rb3 62. Rc6 Ke5 63. Rc5+ Kf6 64. Rc6 1/2-1/2

[Event "Titled Tuesday intern op 16th Apr Early"]
[Site "Chess.com INT"]
[Date "2024.04.16"]
[Round "4"]
[White "Sreyas, Payyappat"]
[Black "Weetik, Vjacheslav"]
[Result "0-1"]
[WhiteElo "2084"]
[BlackElo "2423"]
[PlyCount "84"]
[EventDate "2024.04.16"]
[EventType "swiss (blitz)"]
[EventRounds "11"]
[EventCountry "USA"]
[SourceTitle "CB17_2024"]
[SourceDate "2024.04.24"]
[SourceVersion "1"]
[SourceVersionDate "2024.04.24"]
[SourceQuality "1"]

1. e4 c6 2. d4 d5 3. Nc3 dxe4 4. Nxe4 Nf6 5. Nxf6+ exf6 6. Bc4 Bd6 7. Qe2+ Be7 8. Nf3 0-0 9. 0-0 Bd6 10. Re1 a5 11. c3 Na6 12. Bb3 Nc7 13. Bc2 Re8 14. Be3 Nd5 15. Qd3 g6 16. Bb3 Bf5 17. Qd2 a4 18. Bxd5 cxd5 19. Nh4 Bd7 20. Bf4 Bf8 21. Bh6 Bd6 22. Qd3 Qb6 23. Qf3 Bf8 24. Bxf8 Rxe1+ 25. Rxe1 Rxf8 26. Qxd5 Be6 27. Qf3 Kg7 28. d5 Bd7 29. h3 Qxb2 30. Re7 Bc8 31. d6 Qd2 32. Qg3 Rd8 33. Rc7 Be6 34. Rxb7 a3 35. Ra7 Qxa2 36. c4 Qb1+ 37. Kh2 a2 38. Qa3 Qe4 39. g3 Qxc4 40. Ra4 Qc2 41. Kg2 Bd5+ 42. Nf3 Qd1 0-1

[Event "Titled Tuesday intern op 16th Apr Early"]
[Site "Chess.com INT"]
[Date "2024.04.16"]
[Round "9"]
[White "Weetik, Vjacheslav"]
[Black "Adiga, Sathvik"]
[Result "0-1"]
[WhiteElo "2423"]
[BlackElo "2413"]
[PlyCount "146"]
[EventDate "2024.04.16"]
[EventType "swiss (blitz)"]
[EventRounds "11"]
[EventCountry "USA"]
[SourceTitle "CB17_2024"]
[SourceDate "2024.04.24"]
[SourceVersion "1"]
[SourceVersionDate "2024.04.24"]
[SourceQuality "1"]

1. d4 Nf6 2. Nf3 g6 3. g3 Bg7 4. Bg2 d6 5. 0-0 0-0 6. b3 Nc6 7. Bb2 e5 8. dxe5 Ng4 9. c4 Ngxe5 10. Nxe5 dxe5 11. Nc3 Be6 12. Bxc6 bxc6 13. Qxd8 Rfxd8 14. Rfd1 e4 15. Na4 Bxb2 16. Nxb2 Bg4 17. Kf1 Kf8 18. Na4 f5 19. Ke1 Ke7 20. Rxd8 Rxd8 21. Rd1 Rf8 22. Nc5 f4 23. Nxe4 h5 24. Nc5 Rf5 25. b4 Re5 26. Rd2 g5 27. Kd1 fxg3 28. fxg3 Rf5 29. Kc2 Rf1 30. e4 h4 31. gxh4 gxh4 32. e5 h3 33. e6 Bf5+ 34. Kc3 Ke8 35. Kd4 Re1 36. Rf2 Bg4 37. Rf4 Bxe6 38. Nxe6 Rxe6 39. Rh4 Re2 40. Rxh3 Rxa2 41. Kc5 Rc2 42. Rh7 Kd8 43. h4 Kc8 44. h5 Kb7 45. h6 Rh2 46. Rh8 Rh5+ 47. Kd4 Rh4+ 48. Kc3 Rh3+ 49. Kc2 Rh2+ 50. Kb3 Rh3+ 51. Ka4 Rh4 52. c5 Rh5 53. Ka5 Rh4 54. Ka4 Rh5 55. Kb3 Rh4 56. Kc3 Ka6 57. Rh7 Kb7 58. Kb3 Kb8 59. Kc3 Kb7 60. Kd3 Rxb4 61. Rf7 Rh4 62. h7 a5 63. Kc3 a4 64. Kb2 Ka6 65. Rxc7 Kb5 66. Ka3 Kxc5 67. Ra7 Kb5 68. Rb7+ Ka5 69. Ra7+ Kb5 70. Rb7+ Kc5 71. Ra7 Kd5 72. Rg7 c5 73. Ra7 Kc6 0-1

[Event "Titled Tuesday intern op 16th Apr Early"]
[Site "Chess.com INT"]
[Date "2024.04.16"]
[Round "11"]
[White "Weetik, Vjacheslav"]
[Black "Santos Flores, Alberto Javier"]
[Result "1-0"]
[WhiteElo "2423"]
[BlackElo "2183"]
[PlyCount "35"]
[EventDate "2024.04.16"]
[EventType "swiss (blitz)"]
[EventRounds "11"]
[EventCountry "USA"]
[SourceTitle "CB17_2024"]
[SourceDate "2024.04.24"]
[SourceVersion "1"]
[SourceVersionDate "2024.04.24"]
[SourceQuality "1"]

1. d4 Nf6 2. c4 d6 3. Nf3 g6 4. g3 Bg7 5. Bg2 Bf5 6. 0-0 0-0 7. Ne1 Nc6 8. Nc3 a6 9. e4 Bd7 10. Nc2 Rb8 11. f4 e5 12. fxe5 dxe5 13. d5 Na5 14. c5 Qe7 15. b4 Nc4 16. Qd3 Bb5 17. a4 Na3 18. axb5 1-0

[Event "Titled Tuesday intern op 02nd Apr Early"]
[Site "Chess.com INT"]
[Date "2024.04.02"]
[Round "10"]
[White "Henriquez Villagra, Cristobal"]
[Black "Weetik, Vjacheslav"]
[Result "1-0"]
[WhiteElo "2588"]
[BlackElo "2423"]
[PlyCount "81"]
[EventDate "2024.04.02"]
[EventType "swiss (blitz)"]
[EventRounds "11"]
[EventCountry "USA"]
[SourceTitle "CB15_2024"]
[SourceDate "2024.04.10"]
[SourceVersion "1"]
[SourceVersionDate "2024.04.10"]
[SourceQuality "1"]

1. e4 e5 2. Nc3 Nf6 3. Nge2 Nc6 4. g3 h5 5. h3 Bc5 6. Bg2 Nd4 7. d3 c6 8. a3 b5 9. Bg5 d6 10. Qd2 Ne6 11. Be3 Qb6 12. Bxc5 dxc5 13. f4 h4 14. g4 Bb7 15. fxe5 Nd7 16. Nf4 Nd4 17. Nce2 Nxe5 18. Nxd4 cxd4 19. 0-0 0-0-0 20. Nh5 Rdg8 21. Qg5 f6 22. Qxh4 c5 23. Qg3 Kb8 24. Nf4 Ka8 25. Nd5 Bxd5 26. exd5 Qd6 27. Rae1 a6 28. Re2 Ka7 29. Rfe1 Re8 30. c3 Re7 31. cxd4 cxd4 32. Qf2 Qb6 33. Rc2 Rhe8 34. Rd1 Kb8 35. Be4 g6 36. Rdc1 f5 37. Rc6 Nxc6 38. Rxc6 Qa5 39. d6 Rxe4 40. dxe4 Rxe4 41. d7 1-0

[Event "Titled Tuesday intern op 02nd Apr Early"]
[Site "Chess.com INT"]
[Date "2024.04.02"]
[Round "8"]
[White "Vakhlamov, Igor L"]
[Black "Weetik, Vjacheslav"]
[Result "0-1"]
[WhiteElo "2413"]
[BlackElo "2423"]
[PlyCount "58"]
[EventDate "2024.04.02"]
[EventType "swiss (blitz)"]
[EventRounds "11"]
[EventCountry "USA"]
[SourceTitle "CB15_2024"]
[SourceDate "2024.04.10"]
[SourceVersion "1"]
[SourceVersionDate "2024.04.10"]
[SourceQuality "1"]

1. e4 e5 2. Nf3 Nc6 3. Nc3 Nf6 4. Bb5 Nd4 5. Nxd4 exd4 6. e5 dxc3 7. exf6 Qxf6 8. dxc3 Bc5 9. 0-0 0-0 10. Bd3 h6 11. a4 d5 12. Qd2 Bd6 13. Qe2 Qh4 14. h3 Bd7 15. Qf3 c6 16. Re1 Rae8 17. Be3 a6 18. a5 f5 19. Bd4 Re4 20. Bxe4 fxe4 21. Qe3 Rf5 22. Rf1 Bf4 23. Qe2 Rg5 24. f3 Qxh3 25. g4 exf3 26. Rxf3 Rxg4+ 27. Kf2 Rg2+ 28. Kf1 Qh1+ 29. Bg1 Qxg1# 0-1

[Event "Titled Tuesday intern op 02nd Apr Early"]
[Site "Chess.com INT"]
[Date "2024.04.02"]
[Round "9"]
[White "Weetik, Vjacheslav"]
[Black "Lazavik, Denis"]
[Result "0-1"]
[WhiteElo "2423"]
[BlackElo "2572"]
[PlyCount "92"]
[EventDate "2024.04.02"]
[EventType "swiss (blitz)"]
[EventRounds "11"]
[EventCountry "USA"]
[SourceTitle "CB15_2024"]
[SourceDate "2024.04.10"]
[SourceVersion "1"]
[SourceVersionDate "2024.04.10"]
[SourceQuality "1"]

1. d4 f5 2. g3 Nf6 3. Bg2 g6 4. Nd2 Nc6 5. d5 Ne5 6. Ndf3 Nf7 7. Nh3 c6 8. Nf4 cxd5 9. Nxd5 Qa5+ 10. Nc3 Bg7 11. 0-0 0-0 12. Nd4 d6 13. Nb3 Qd8 14. a4 Rb8 15. a5 b6 16. axb6 axb6 17. Nd4 Bb7 18. Ne6 Qd7 19. Nxf8 Bxf8 20. Ra7 Qc8 21. Nd5 Bxd5 22. Bxd5 e6 23. Bg2 d5 24. b3 Bc5 25. c4 b5 26. Rxf7 Kxf7 27. cxd5 exd5 28. Bf4 Rb6 29. Bxd5+ Kg7 30. Bf3 Qe6 31. Qc1 Be7 32. Rd1 Qxb3 33. Rd3 Qb4 34. Qc7 Qc5 35. Qa7 Re6 36. Qa1 Kf7 37. Kg2 Ne4 38. Be3 Qc4 39. Qh8 h5 40. Qh7+ Ke8 41. Qg8+ Bf8 42. Bh6 Rf6 43. Qh8 Qf7 44. Bxe4 fxe4 45. Rd4 Rxf2+ 46. Kh3 Qf5+ 0-1

[Event "Titled Tuesday intern op 12th Mar Late"]
[Site "Chess.com INT"]
[Date "2024.03.12"]
[Round "5"]
[White "Weetik, Vjacheslav"]
[Black "Chigaev, Maksim"]
[Result "0-1"]
[WhiteElo "2423"]
[BlackElo "2617"]
[PlyCount "58"]
[EventDate "2024.03.12"]
[EventType "swiss (blitz)"]
[EventRounds "11"]
[EventCountry "USA"]
[SourceTitle "CB12_2024"]
[SourceDate "2023.10.01"]
[SourceVersion "1"]
[SourceVersionDate "2023.10.01"]
[SourceQuality "1"]

1. d4 Nf6 2. Bf4 d6 3. Nf3 g6 4. c4 Bg7 5. Nc3 0-0 6. e3 c5 7. Be2 Bf5 8. Nh4 Bd7 9. 0-0 Nc6 10. d5 Na5 11. h3 a6 12. a4 Qb6 13. Qc2 Qb3 14. Qxb3 Nxb3 15. Ra3 Nd2 16. Rd1 Nde4 17. Nf3 Nxc3 18. bxc3 Ne4 19. Rc1 b5 20. axb5 axb5 21. Rxa8 Rxa8 22. cxb5 Nxc3 23. Bc4 Nxb5 24. Bg5 Kf8 25. Rb1 Na3 26. Rb7 Bc8 27. Bxe7+ Ke8 28. Rc7 Nxc4 29. Ng5 Bd7 0-1

[Event "Titled Tuesday intern op 12th Mar Late"]
[Site "Chess.com INT"]
[Date "2024.03.12"]
[Round "1"]
[White "Weetik, Vjacheslav"]
[Black "Xu, Daniel"]
[Result "1-0"]
[WhiteElo "2423"]
[BlackElo "2212"]
[PlyCount "51"]
[EventDate "2024.03.12"]
[EventType "swiss (blitz)"]
[EventRounds "11"]
[EventCountry "USA"]
[SourceTitle "CB12_2024"]
[SourceDate "2023.10.01"]
[SourceVersion "1"]
[SourceVersionDate "2023.10.01"]
[SourceQuality "1"]

1. d4 Nf6 2. c4 g6 3. g3 Bg7 4. Bg2 d6 5. Nc3 0-0 6. Nf3 Nc6 7. 0-0 a6 8. Re1 Rb8 9. Rb1 b5 10. cxb5 axb5 11. b4 Bd7 12. h3 e6 13. e4 Ne7 14. Nd2 h5 15. Nf3 Nh7 16. Bf4 Nc8 17. e5 Qe7 18. d5 dxe5 19. Nxe5 Nd6 20. dxe6 Bxe6 21. Nxg6 fxg6 22. Rxe6 Qd7 23. Rxg6 Kh8 24. Nd5 Qf7 25. Qxh5 Rbe8 26. Nxc7 1-0

[Event "Titled Tuesday intern op 13th Feb Early"]
[Site "Chess.com INT"]
[Date "2024.02.13"]
[Round "7"]
[White "Baloglu, Dila"]
[Black "Weetik, Vjacheslav"]
[Result "1-0"]
[WhiteElo "1896"]
[BlackElo "2423"]
[PlyCount "59"]
[EventDate "2024.02.13"]
[EventType "swiss (blitz)"]
[EventRounds "11"]
[EventCountry "USA"]
[SourceTitle "CB08_2024"]
[SourceDate "2024.02.21"]
[SourceVersion "1"]
[SourceVersionDate "2024.02.21"]
[SourceQuality "1"]

1. e4 c6 2. d4 d5 3. f3 dxe4 4. fxe4 e5 5. Nf3 Bg4 6. Bc4 Nd7 7. c3 Bh5 8. 0-0 Ngf6 9. Bg5 Be7 10. Nbd2 0-0 11. Qe1 b5 12. Bb3 Ng4 13. Qh4 Bxg5 14. Nxg5 h6 15. Qxh5 Qxg5 16. Bxf7+ Kh8 17. Qxg5 hxg5 18. Be6 Ngf6 19. Nf3 g4 20. Nxe5 Nxe5 21. dxe5 Nxe4 22. Bxg4 Rfe8 23. e6 Rad8 24. Rae1 Nf6 25. e7 Rb8 26. Rxf6 gxf6 27. Bd7 Kg7 28. Bxc6 Kf7 29. Bxe8+ Rxe8 30. Kf2 1-0

[Event "Titled Tuesday intern op 13th Feb Early"]
[Site "Chess.com INT"]
[Date "2024.02.13"]
[Round "10"]
[White "Weetik, Vjacheslav"]
[Black "Clarke, Adani"]
[Result "1-0"]
[WhiteElo "2423"]
[BlackElo "1842"]
[PlyCount "41"]
[EventDate "2024.02.13"]
[EventType "swiss (blitz)"]
[EventRounds "11"]
[EventCountry "USA"]
[SourceTitle "CB08_2024"]
[SourceDate "2024.02.21"]
[SourceVersion "1"]
[SourceVersionDate "2024.02.21"]
[SourceQuality "1"]

1. e4 e6 2. d4 d5 3. Nc3 Bb4 4. e5 c5 5. a3 Qa5 6. axb4 Qxa1 7. Nb5 f6 8. Nc7+ Kd7 9. Nxa8 cxd4 10. Nf3 Nc6 11. Bb5 Ke7 12. 0-0 Nxb4 13. Qxd4 Na6 14. exf6+ Nxf6 15. Bh6 Qxf1+ 16. Bxf1 gxh6 17. Bxa6 bxa6 18. Qxa7+ Bd7 19. Nb6 Rd8 20. Ne5 Kd6 21. Nf7+ 1-0

[Event "Titled Tuesday intern op 06th Feb Late"]
[Site "Chess.com INT"]
[Date "2024.02.06"]
[Round "2"]
[White "Sari, Yasin"]
[Black "Weetik, Vjacheslav"]
[Result "0-1"]
[WhiteElo "2292"]
[BlackElo "2423"]
[PlyCount "82"]
[EventDate "2024.02.06"]
[EventType "swiss (blitz)"]
[EventRounds "11"]
[EventCountry "USA"]
[SourceTitle "CB07_2024"]
[SourceDate "2024.02.14"]
[SourceVersion "1"]
[SourceVersionDate "2024.02.14"]
[SourceQuality "1"]

1. d4 Nf6 2. Nc3 d5 3. Bf4 e6 4. Nb5 Na6 5. e3 Be7 6. Nf3 0-0 7. Be2 c6 8. Nc3 c5 9. 0-0 Nb4 10. Ne5 Nc6 11. Nxc6 bxc6 12. dxc5 Bxc5 13. Na4 Bd6 14. Bg5 Qc7 15. Bxf6 gxf6 16. g3 Kh8 17. c4 Rg8 18. f4 e5 19. c5 Be7 20. Bh5 Rg7 21. Rc1 Bh3 22. Rf2 d4 23. Qf3 f5 24. fxe5 Qxe5 25. exd4 Qxd4 26. Qc3 Bf6 27. Qb3 f4 28. Rd1 fxg3 29. Rxd4 gxf2+ 30. Kxf2 Bxd4+ 31. Kf3 Re8 32. Qd3 Bg2+ 33. Kf4 Re4+ 34. Qxe4 Bxe4 35. Kxe4 Bg1 36. h3 Rg2 37. Bg4 Rf2 38. Kd3 Rh2 39. a3 h5 40. Bf5 Rf2 41. Bd7 Rf3+ 0-1

[Event "Titled Tuesday intern op 06th Feb Early"]
[Site "Chess.com INT"]
[Date "2024.02.06"]
[Round "11"]
[White "Vlassov, Nikolai"]
[Black "Weetik, Vjacheslav"]
[Result "1-0"]
[WhiteElo "2299"]
[BlackElo "2423"]
[PlyCount "109"]
[EventDate "2024.02.06"]
[EventType "swiss (blitz)"]
[EventRounds "11"]
[EventCountry "USA"]
[SourceTitle "CB07_2024"]
[SourceDate "2024.02.14"]
[SourceVersion "1"]
[SourceVersionDate "2024.02.14"]
[SourceQuality "1"]

1. e4 e5 2. Bc4 Nf6 3. d3 Nc6 4. Nf3 Bc5 5. Bg5 h6 6. Bh4 d6 7. Nc3 a6 8. Nd5 g5 9. Nxg5 Nxd5 10. Qh5 Qf6 11. Nf3 Qg7 12. exd5 Bg4 13. Bf6 Bxh5 14. Bxg7 Rg8 15. dxc6 Rxg7 16. cxb7 Rb8 17. Bd5 Kd7 18. Nh4 c6 19. Be4 Rxb7 20. h3 Rxb2 21. Nf5 Rg8 22. 0-0 d5 23. Nxh6 Rh8 24. Bf5+ Kd6 25. Ng4 Rxc2 26. d4 Bxg4 27. dxc5+ Rxc5 28. hxg4 e4 29. Rab1 Ke5 30. Rb7 f6 31. Re7+ Kd4 32. Rd1+ Kc3 33. Rf7 Rh6 34. Rc7 a5 35. Bd7 Kc2 36. Rd4 Kc3 37. Rd1 d4 38. Rxc6 Rxc6 39. Bxc6 f5 40. Ba8 fxg4 41. Bxe4 Rb6 42. Rd3+ Kc4 43. Rg3 Rb2 44. a4 Ra2 45. Bd3+ Kc5 46. Bb5 Ra1+ 47. Kh2 Ra2 48. Rxg4 Rxf2 49. Rg5+ Kb4 50. Rd5 Rd2 51. Kh3 Kc3 52. g4 Rd1 53. g5 Rg1 54. Kh4 Rg2 55. Kh5 1-0

[Event "Titled Tuesday intern op 06th Feb Early"]
[Site "Chess.com INT"]
[Date "2024.02.06"]
[Round "6"]
[White "Weetik, Vjacheslav"]
[Black "Boldoo, Erdenepurev"]
[Result "1-0"]
[WhiteElo "2423"]
[BlackElo "2375"]
[PlyCount "55"]
[EventDate "2024.02.06"]
[EventType "swiss (blitz)"]
[EventRounds "11"]
[EventCountry "USA"]
[SourceTitle "CB07_2024"]
[SourceDate "2024.02.14"]
[SourceVersion "1"]
[SourceVersionDate "2024.02.14"]
[SourceQuality "1"]

1. d4 Nf6 2. c4 g6 3. Nc3 d5 4. cxd5 Nxd5 5. e4 Nxc3 6. bxc3 Bg7 7. Bg5 c5 8. Rc1 Qa5 9. Qd2 h6 10. Bh4 cxd4 11. cxd4 Qxd2+ 12. Kxd2 0-0 13. Nf3 g5 14. Bg3 Bg4 15. d5 f5 16. exf5 Nd7 17. Bc4 Kh8 18. h4 Bxf3 19. gxf3 gxh4 20. Bxh4 Rxf5 21. Bxe7 Rxf3 22. Ke2 Rf7 23. d6 Rxe7+ 24. dxe7 Re8 25. Bb5 Rxe7+ 26. Kf1 Nb6 27. Rd1 Kg8 28. a4 1-0

[Event "Titled Tuesday intern op 06th Feb Early"]
[Site "Chess.com INT"]
[Date "2024.02.06"]
[Round "4"]
[White "Weetik, Vjacheslav"]
[Black "Svane, Rasmus"]
[Result "0-1"]
[WhiteElo "2423"]
[BlackElo "2632"]
[PlyCount "68"]
[EventDate "2024.02.06"]
[EventType "swiss (blitz)"]
[EventRounds "11"]
[EventCountry "USA"]
[SourceTitle "CB07_2024"]
[SourceDate "2024.02.14"]
[SourceVersion "1"]
[SourceVersionDate "2024.02.14"]
[SourceQuality "1"]

1. d4 Nf6 2. c4 e6 3. Nf3 d5 4. g3 Be7 5. Bg2 0-0 6. 0-0 dxc4 7. Qc2 a6 8. a4 Bd7 9. Qxc4 Bc6 10. Bf4 Bd6 11. Nc3 Bxf4 12. gxf4 a5 13. e3 Na6 14. Qe2 Bxf3 15. Bxf3 c6 16. Rad1 Nb4 17. Kh1 Kh8 18. Rg1 Qe7 19. Rg3 Rad8 20. Rdg1 g6 21. Qf1 b6 22. Ne4 Nxe4 23. Bxe4 c5 24. dxc5 bxc5 25. Qc4 Rd7 26. Rc1 Rc8 27. Rgg1 Kg8 28. Kg2 Qh4 29. h3 Rd2 30. Rgf1 Rxb2 31. Qc3 Ra2 32. Bb7 Rd8 33. e4 Rd3 34. Qxc5 Rg3+ 0-1

[Event "Titled Tuesday intern op 16th Jan Early"]
[Site "Chess.com INT"]
[Date "2024.01.16"]
[Round "7"]
[White "Weetik, Vjacheslav"]
[Black "Nguyen, Hong Nhung"]
[Result "1-0"]
[WhiteElo "2423"]
[BlackElo "2063"]
[PlyCount "63"]
[EventDate "2024.01.16"]
[EventType "swiss (blitz)"]
[EventRounds "11"]
[EventCountry "USA"]
[SourceTitle "CB04_2024"]
[SourceDate "2023.10.16"]
[SourceVersion "1"]
[SourceVersionDate "2023.10.16"]
[SourceQuality "1"]

1. d4 f5 2. g3 Nf6 3. Bg2 g6 4. Nd2 d6 5. e4 fxe4 6. Nxe4 Bg7 7. Ne2 0-0 8. Nxf6+ Bxf6 9. 0-0 Nc6 10. Bh6 Bg7 11. Bxg7 Kxg7 12. d5 Ne5 13. f4 Ng4 14. h3 Nf6 15. Nd4 Qe8 16. Qd3 Qf7 17. c4 e6 18. Rae1 exd5 19. cxd5 Rb8 20. f5 gxf5 21. Ne6+ Bxe6 22. dxe6 Qe7 23. Rxf5 Kh8 24. Qc3 Rbe8 25. Ref1 Kg7 26. g4 h6 27. g5 hxg5 28. Rxg5+ Kh7 29. Qg3 Kh8 30. Be4 Rg8 31. Rxf6 Qxf6 32. Qh4+ 1-0

[Event "Titled Tuesday intern op 16th Jan Early"]
[Site "Chess.com INT"]
[Date "2024.01.16"]
[Round "1"]
[White "Weetik, Vjacheslav"]
[Black "Seletsky, Grigory"]
[Result "0-1"]
[WhiteElo "2423"]
[BlackElo "2204"]
[PlyCount "99"]
[EventDate "2024.01.16"]
[EventType "swiss (blitz)"]
[EventRounds "11"]
[EventCountry "USA"]
[SourceTitle "CB04_2024"]
[SourceDate "2023.10.16"]
[SourceVersion "1"]
[SourceVersionDate "2023.10.16"]
[SourceQuality "1"]

1. d4 c5 2. d5 e5 3. Nc3 d6 4. e4 Nf6 5. Bb5+ Nbd7 6. a4 Be7 7. Nf3 0-0 8. 0-0 Ne8 9. Re1 g6 10. a5 a6 11. Bf1 Ng7 12. Nd2 f5 13. Nc4 f4 14. Na4 g5 15. Be2 Nf6 16. Nab6 Rb8 17. g4 Nxe4 18. Bf1 Nf6 19. h3 Qe8 20. b4 cxb4 21. Bb2 h5 22. f3 hxg4 23. hxg4 Qg6 24. Bd3 Qh6 25. Qe2 Qh4 26. Qg2 Bd7 27. Nd2 Nge8 28. Ne4 Rd8 29. Kf1 Nxe4 30. Bxe4 Bb5+ 31. Bd3 Nf6 32. Ke2 e4 33. Bxb5 axb5 34. Bxf6 Bxf6 35. Rh1 exf3+ 36. Kxf3 Qg3+ 37. Qxg3 fxg3 38. Raf1 Be5+ 39. Kg2 Rf4 40. Rh5 Rxf1 41. Rxg5+ Kh7 42. Kxf1 Rf8+ 43. Rf5 Rxf5+ 44. gxf5 Kg7 45. Nc8 Kf6 46. Na7 Kxf5 47. Nxb5 Ke4 48. Nc7 Kd4 49. Kg2 Kc3 50. Ne8 0-1

[Event "Titled Tuesday intern op 09th Jan Early"]
[Site "Chess.com INT"]
[Date "2024.01.09"]
[Round "4"]
[White "Kruckenhauser, Arthur"]
[Black "Weetik, Vjacheslav"]
[Result "1/2-1/2"]
[WhiteElo "2350"]
[BlackElo "2423"]
[PlyCount "113"]
[EventDate "2024.01.09"]
[EventType "swiss (blitz)"]
[EventRounds "11"]
[EventCountry "USA"]
[SourceTitle "CB03_2024"]
[SourceDate "2024.01.17"]
[SourceVersion "1"]
[SourceVersionDate "2024.01.17"]
[SourceQuality "1"]

1. d4 Nf6 2. Nf3 e6 3. c3 d5 4. Bg5 c5 5. e3 Be7 6. Nbd2 0-0 7. Bd3 b6 8. 0-0 Ba6 9. Bxa6 Nxa6 10. Ne5 Qc8 11. f4 Re8 12. Rf3 Ne4 13. Nxe4 dxe4 14. Rg3 f6 15. Bh6 Bf8 16. Qh5 Qb7 17. Bxg7 Bxg7 18. Rh3 fxe5 19. Qxh7+ Kf8 20. fxe5 Re7 21. Rf1+ Rf7 22. Rxf7+ Qxf7 23. Qxe4 Qe8 24. Qb7 Kg8 25. Qxa6 Qg6 26. Rf3 Rf8 27. Rxf8+ Bxf8 28. Qxa7 Qb1+ 29. Kf2 Qxb2+ 30. Kf3 Qxc3 31. Qxb6 Qc4 32. dxc5 Qd5+ 33. Kf4 Bxc5 34. Qb8+ Kg7 35. Qc7+ Kg6 36. Qc8 Qc4+ 37. Kf3 Qf1+ 38. Kg3 Qe1+ 39. Kg4 Qe2+ 40. Kh3 Qxe3+ 41. g3 Qxe5 42. Qg8+ Kh6 43. Qf8+ Kh7 44. Qf7+ Kh6 45. Qf4+ Qxf4 46. gxf4 Kg6 47. Kg4 Ba3 48. h4 Bc1 49. a4 Bd2 50. Kf3 Kf5 51. h5 Bxf4 52. a5 Bb8 53. a6 Kg5 54. Ke4 Kxh5 55. a7 Bxa7 56. Ke5 Bb6 57. Kxe6 1/2-1/2

[Event "Titled Tuesday intern op 09th Jan Early"]
[Site "Chess.com INT"]
[Date "2024.01.09"]
[Round "6"]
[White "Matta, Nicholas F"]
[Black "Weetik, Vjacheslav"]
[Result "1-0"]
[WhiteElo "2286"]
[BlackElo "2423"]
[PlyCount "79"]
[EventDate "2024.01.09"]
[EventType "swiss (blitz)"]
[EventRounds "11"]
[EventCountry "USA"]
[SourceTitle "CB03_2024"]
[SourceDate "2024.01.17"]
[SourceVersion "1"]
[SourceVersionDate "2024.01.17"]
[SourceQuality "1"]

1. Nf3 Nf6 2. g3 d5 3. Bg2 Bf5 4. 0-0 e6 5. d3 c6 6. c4 Nbd7 7. Qb3 Qb6 8. Be3 Bc5 9. d4 Be7 10. Nh4 Bg4 11. Nc3 0-0 12. h3 Bh5 13. g4 Bg6 14. Nxg6 hxg6 15. Qxb6 Nxb6 16. c5 Nc4 17. Bf4 b6 18. b3 Na3 19. cxb6 axb6 20. Rac1 Rfc8 21. Na4 Ra6 22. Rfd1 Nd7 23. e4 Raa8 24. exd5 cxd5 25. Bf1 b5 26. Nc3 b4 27. Na4 Nf6 28. f3 Nh7 29. Rxc8+ Rxc8 30. Rc1 Re8 31. Rc7 Bg5 32. Bxg5 Nxg5 33. Kf2 f6 34. Rb7 Rc8 35. Bd3 e5 36. dxe5 fxe5 37. Bxg6 e4 38. fxe4 dxe4 39. Ke3 Rc2 40. Rb8+ 1-0